| 000 | 00962cab a2200325 4500 | ||
|---|---|---|---|
| 001 | WB2318-30 | ||
| 008 | 090401t1987 xxu||||| |||| 00| 0 eng d | ||
| 035 | _a(Sirsi) u73321 | ||
| 041 | _aeng | ||
| 245 | _aSurveyors advisory service | ||
| 260 | _c1987 | ||
| 350 | _a0 | ||
| 490 |
_aFinancial Times _v8/5/87 p8 |
||
| 520 | _aDebenham Tewson and Chinnocks and nine provincial practices, have formed a national advisory service for investors in the property finance market. | ||
| 650 | _aABOUT RICS-RICS MEMBERS | ||
| 650 | _aCHESSHIRE GIBSON | ||
| 650 | _aCLUTTONS | ||
| 650 | _aEADON LOCKWOOD AND RIDDLE | ||
| 650 | _aEDDISONS | ||
| 650 | _aINVESTMENT | ||
| 650 | _aJP STURGE | ||
| 650 | _aKENNETH RYDEN | ||
| 650 | _aROBINSONS | ||
| 650 | _aSANDERSON TOWNEND AND GILBERT | ||
| 650 | _aSECURITISATION | ||
| 650 | _aUNITISATION | ||
| 690 | _aMANAGEMENT-BUSINESS MANAGEMENT-PROFESSIONAL PRACTICE | ||
| 942 | _n0 | ||
| 948 | _c04/03/1997 | ||
| 999 |
_c46367 _d46367 |
||